| 000 | 00835nam a2200217 a 4500 | ||
|---|---|---|---|
| 001 | BRCA_2929 | ||
| 005 | 20190320204031.0 | ||
| 008 | 151208s1939----mx-a---###---#000-0#spa-# | ||
| 050 | 4 |
_aF1386 _b.C47 1939 |
|
| 100 | 1 |
_aCervantes de Salazar, Francisco _d1514-1575 _98151 |
|
| 245 | 1 | 0 |
_aMéxico en 1554 _btres dialogos latinos _cFrancisco Cervantes de Salazar ; traducidos por Joaquín García Icazbalceta 9 notas preliminares Julio Jiminez Rueda. |
| 260 |
_aMéxico _bUniversidad Nacional Autonoma _c1939 |
||
| 300 |
_av, 190 p. _bil. _c21 cm. |
||
| 440 | 0 |
_aBiblioteca del estudiante universitario _n3 _98152 |
|
| 500 | _aB69 | ||
| 650 | 1 | 4 |
_aCiudad de México _xDescripción y viajes _98153 |
| 700 | 1 |
_aGarcía Icazbalceta, Joaquín _f1828-1894 _etr _98154 |
|
| 700 | 1 |
_aJimenez Rueda, Julio _eed _98155 |
|
| 902 | _aGFM | ||
| 942 |
_2lcc _cB |
||
| 999 |
_c2668 _d2668 |
||